000 00283nam a22001337a 4500
008 180129b xxu||||| |||| 00| 0 eng d
020 _a2901609180064
041 _aeng
080 _26th
_a33
100 _a58
101 _aBIZ
245 _aGlobalShift
_cDicken,P
942 _2udc
_cBK
999 _c41180
_d41180